02141nam a22002777a 45000010005000000030006000050050017000110080041000280200018000690400031000870500008001180820008001261000023001342450043001572500059002002600066002593000049003254900074003745050008004485200875004565200356013315210029016875210020017166500086017366500041018224599FISKH20240917161454.0240917b cb ||||| |||| 00| 0 eng d a9789996389313 aFISKHbKhmercFISKHdFISKH aPZ7 a800 aAnonymous eauthor aហង្សមាស / cby Anonymous aបោះពុម្ពឆ្នាំ​២០១៥ aភ្នំពេញ :bអផ្សុក ;c២០១៥ . a12 pages : bcolor illustrations ;c22 cm .  aនិទានអប់រំសម្រាប់កុមារ​ aH  aមានគ្រួសារមួយមានកូនបីនាក់។ លុះក្រោយមកឪពុកបានស្លាប់ហើយក៏បានកើតជាហង្សមាស។​ពប្រពន្ធនិងកូន​ធ្លាក់ខ្លួនក្រ ហង្សមាសក៏ជម្រុះស្លាបមាសអោយដើម្បីលក់ទិញម្ហូបអាហារ ។ ដោយក្តីលោភលន់របស់ប្រពន្ធនាងក៏ចាប់ហង្សមាសដកស្លាបទាំងអស់ ធ្វើអោយហង្សរស់ទាំងវេទនា​រហូតដល់ដុះរោមសារជាថ្មីក្លាយជាពណ៏ស ហើយក៏មិនដែលត្រលប់មកវិញឡើយ​។​ aThere is a family with three children. Later, the father died and was born as a golden swan. After the death of his wife and children, the golden swan discarded the golden wings to buy food. Due to his wife's greed, he grabbed the golden swan, removed all its wings, and made the swan live miserably until it grew white hair again and never came back.8 a430 bLexile estimate 8 aH bRaz-Plus  aកូនស្រីបីនាក់vរឿងនិទានកុមារ  athree daughtersvchildren's stories